Aina e Jamal e Nabuwwat: Hazoor PBUH kay huliya mubarik ki dilawaizi aur husn o raanai ka tazkira (Record no. 592030)
[ view plain ]
| 000 -LEADER | |
|---|---|
| fixed length control field | 00382nam a22001217a 4500 |
| 082 ## - DEWEY DECIMAL CLASSIFICATION NUMBER | |
| Classification number | 297.124 |
| Author Mark | IBR |
| 100 ## - MAIN ENTRY--PERSONAL NAME | |
| Personal name | Ibrahim Bin Abdullah |
| 245 ## - TITLE STATEMENT | |
| Title | Aina e Jamal e Nabuwwat: Hazoor PBUH kay huliya mubarik ki dilawaizi aur husn o raanai ka tazkira |
| Statement of responsibility, etc. | Ibrahim Bin Abdullah |
| 260 ## - PUBLICATION, DISTRIBUTION, ETC. | |
| Place of publication, distribution, etc. | Lahore |
| Name of publisher, distributor, etc. | Darussalam publishers |
| Date of publication, distribution, etc. | 1996 |
| 300 ## - PHYSICAL DESCRIPTION | |
| Extent | 87p |
| 563 ## - BINDING INFORMATION | |
| Binding note | HB |
| 942 ## - ADDED ENTRY ELEMENTS (KOHA) | |
| Source of classification or shelving scheme | |
| Koha item type | Book |
| Withdrawn status | Lost status | Source of classification or shelving scheme | Materials specified (bound volume or other part) | Damaged status | Not for loan | Permanent Location | Current Location | Date acquired | Source of acquisition | Total Checkouts | Full call number | Barcode | Date last seen | Price effective from | Koha item type |
|---|---|---|---|---|---|---|---|---|---|---|---|---|---|---|---|
| Donated by Major Zahid DCE, SEECS-NUST | Central Library (CL) | Central Library (CL) | 10/25/2022 | Donation | 297.124 IBR | CL-D-2109 | 10/25/2022 | 10/25/2022 | Book |
